Responses for Show #7106 - Monday, July 6, 2015

Contestants

[<< previous game]

Jess Lindoerfer, a study-abroad program manager from Putney, Vermont

Shu-Ping Shen, an attorney from New York, New York

Hilary Carney, a rehabilitation specialist from Bonita Springs, Florida (whose 1-day cash winnings total $6,400)

[next game >>]

Jeopardy! Round responses

TASTY LITERATURE
KNOWLEDGE
SUPERATHLETES
ALSO A KEYBOARD KEY
LET'S VISIT SCOTLAND
SELF-RHYMING "H" WORDS
    $200 1
(Herman) Melville

Jess
    $200 10
the learning curve

Shu-Ping
    $200 25
(Jesse) Owens

Shu-Ping
    $200 11
control

Hilary
    $200 6
Loch Ness

Shu-Ping
    $200 8
a handstand

Hilary
    $400 2
Little Women

Jess
    $400 19
good & evil

Hilary
    $400 30
(Alex: And that is our star here for the Dodgers, [*].)

Clayton Kershaw

Triple Stumper
    $400 12
tab

Jess
    $400 7
Paisley

Shu-Ping
    $400 14
hobnob

Hilary
    $600 3
The Whistle Stop Cafe

Jess
    $600 20
the known unknown

Jess
    $600 29
Pelé

Shu-Ping
    $1,600 13
colon

Jess
    $600 9
the Firth of Forth

Triple Stumper
    $600 16
(Jess: What is hurdy-gurdy?)

a hi-fi

HilaryJess
    $800 4
a yam

Hilary
    $800 21
(Shu-Ping: What is philosophy?)

science

Shu-Ping
Triple Stumper
    $800 27
(Diana) Nyad

Shu-Ping
    $800 15
alt

Jess
    $800 24
the Highland Games

Jess
    $800 17
humdrum

Triple Stumper
    $1000 5
a pineapple

Hilary
    $1000 22
Gnostic

Jess
    $1000 28
the New York Giants

Triple Stumper
    $1000 23
shift

Hilary
    $1000 26
Balmoral

Shu-Ping
    $1000 18
hot pot

Triple Stumper

Scores at the first commercial break (after clue 15):

Hilary Shu-Ping Jess
$2,600 $800 $4,000

Scores at the end of the Jeopardy! Round:

Hilary Shu-Ping Jess
$4,600 $2,600 $5,800

Double Jeopardy! Round responses

FRIENDS
ROMANS
COUNTRY MEN
LEND ME YOUR EARS
THAT'S IN ROMEO AND JULIET
OUR MISTAKE!
    $400 4
(Gayle) King

Shu-Ping
    $400 12
Augustus

Hilary
    $400 19
Cambodia

Jess
    $400 3
a woodpecker

Shu-Ping
    $400 1
Capulet

Shu-Ping
    $400 9
Google

Hilary
    $800 5
(Lena) Dunham

Jess
    $800 13
Brutus

Hilary
    $800 20
Vespucci

Hilary
    $800 15
(Robert) Ludlum

Shu-Ping
    $800 2
the moon

Jess
    $800 27
the CIA

Hilary
    $1200 6
Dawson's Creek

Shu-Ping
    $1200 14
Hadrian

Jess
    $1200 24
Simón Bolívar

Hilary
    $1200 16
Bethlehem

Jess
    $1200 8
Parting is such sweet sorrow

Jess
    $1200 28
Blockbuster

Hilary
    $1600 7
Justin Timberlake

Hilary
    $1600 21
Claudius

Hilary
    $1600 25
Saudi Arabia

Shu-Ping
    $1600 17
(Hilary: What is State of the Union?)
(Shu-Ping: What's a blog?)
(Alex: Pardon?)
(Shu-Ping: What's a blog?)

filibuster

HilaryShu-Ping
Triple Stumper
    $1600 10
Tybalt

Shu-Ping
    $2,000 29
Michael Dukakis

Hilary
    $2000 23
Nicole Kidman

Jess
    $2000 22
Cicero

Hilary
    $4,000 26
(Alex: [*] Rhodes, yes. Country was Rhodesia.)

Cecil

Shu-Ping
    $2000 18
leaf blowers

Jess
    $2000 11
Friar Laurence

Hilary
    $2000 30
Erwin Rommel (the Desert Fox)

Triple Stumper

Scores at the end of the Double Jeopardy! Round:

Hilary Shu-Ping Jess
$17,800 $11,400 $15,400

[wagering suggestions for these scores]

Final Jeopardy! Round responses

THE OSCARS
Shu-PingWhat is Ben-Hur?
$1,601
JessWhat is Ben-Hur
$2,401
HilaryWhat is The Ten Commandments?
$12,400
Ben-Hur

Final scores:

Hilary Shu-Ping Jess
$5,400 $13,001 $17,801
3rd place: $1,000 2nd place: $2,000 New champion: $17,801

Game dynamics:

Coryat scores:

Hilary Shu-Ping Jess
$17,400 $9,400 $14,400
20 R
(including 1 DD),
1 W
15 R
(including 1 DD),
2 W
17 R
(including 1 DD),
1 W

Combined Coryat: $41,200

[game clues] [game scores] [suggest correction]

Game tape date: Unknown
The J! Archive is created by fans, for fans. Scraping, republication, monetization, and malicious use prohibited; this site may use cookies and collect identifying information. See terms. The Jeopardy! game show and all elements thereof, including but not limited to copyright and trademark thereto, are the property of Jeopardy Productions, Inc. and are protected under law. This website is not affiliated with, sponsored by, or operated by Jeopardy Productions, Inc. Join the discussion at JBoard.tv.